00849cam a22002054a 4500999001700000001000900017005001700026008004100043020001900084041000800103080002200111245011100133264004900244300002900293440006600322653003500388700006100423942001200484952014700496 c59810d598101248772920230421142620.0010730s2004 maua bf 001 0 eng  a9781405127004x aeng a159.9(075.8) H-2200aHandbook of research methods in industrial and organizational psychology /cedited by Steven G. Rogelberg. aMalden, Mass :bBlackwell Publishers,c2002. a520 p. :bill. ;c26 cm. 0aBlackwell handbooks of research methods in psychology 917727 aფსიქოლოგია1 aRogelberg, Steven G.eრედაქტორი917728 2udccBK 00102udc40615990758_H2270994508aCPLbCPLcGENd2023-04-21g171.00o159.9(075.8) H-22p29394r2023-04-21t29394w2023-04-21yBKz171 ლ.